The Vanderbilt latex handbook /

Guardado en:
Autor Corporativo: R.T. Vanderbilt Company.
Otros Autores: Mausser, Robert Francis., (Editor , ed.)
Formato: Libro
Idioma:English
Publicado: Norwalk, CT : R.T. Vanderbilt Company, c1987.
Edición:3rd ed.
Materias:
Etiquetas: Agregar Etiqueta
Sin Etiquetas, Sea el primero en etiquetar este registro!
LEADER 00849nam a22002415a 4500
001 EIQ.libpla002472
008 920214s1987####ctuao####f####001#0#eng#d
005 20070620181137.0
245 0 4 |a The Vanderbilt latex handbook /  |c edited by Robert Francis Mausser. 
250 |a 3rd ed. 
260 |a Norwalk, CT :  |b R.T. Vanderbilt Company,  |c c1987. 
300 |a 253 p. :  |b il., foto ;  |c 22 cm. 
500 |a Includes index. 
700 1 |a Mausser, Robert Francis.,  |e ed.  |4 edt 
710 2 |a R.T. Vanderbilt Company. 
082 0 0 |a 678/.5  |2 20 
650 4 |a Látex sintético  |x Handbooks, manuales, etc. 
650 4 |a Látex  |x Handbooks, manuales, etc. 
650 0 |a Latex, Synthetic  |x Handbooks, manuals, etc. 
650 0 |a Latex  |x Handbooks, manuals, etc. 
010 |a  92117844  
040 |a DLC  |c DLC  |d AR-BbSID 
859 |a AR-BbSID  |b BIB. PLAPIQUI  |h 678.36  |i V 286  |p 4275